000 00534nam a2200169 a 4500
001 000249058
003 AM-YeHGA
005 20250618071654.0
008 030721s1927 ai 000 | arm d
040 _aAM-YeHGA
100 1 _aՅուրին, Մ.
245 1 0 _aԸնկեր Վալյա /
_cՄ. Յուրին; Թարգմ.՝ Ամեռ.
260 _aՄոսկվա :
_bԽՍՀՄ ժող. կենտր. հրատ,
_c1927.
300 _a24 էջ ;
_c17 սմ.
650 1 4 _aՌուս գրականություն
_xՊատմվածք
_94645
090 _c90365
999 _c89079
_d89079